000 03073cam a22005538i 4500
001 on1031408581
003 OCoLC
005 20210302142932.0
008 180412t20182018meu d 000 1 eng
010 _a 2018014259
020 _a9781432850678
_q(large print ;
_qhardcover)
020 _a1432850679
_q(large print ;
_qhardcover)
020 _c36.95
035 _a(OCoLC)1031408581
040 _aDLC
_beng
_erda
_cDLC
_dOCLCO
_dORX
_dOCLCO
_dOCLCF
_dBKL
_dIFK
_dTJZ
_dKL3
_dJNE
_dOCLCO
_dWACOL
042 _apcc
049 _aWACL
050 1 0 _aPR6103.O847
_bY68 2018b
082 0 0 _a823/.92
_223
084 _aFIC044000
_aFIC045000
_aFIC027020
_2bisacsh
092 _aFLP
_bIsa
100 1 _aIsaac, Catherine,
_d1974-
_eauthor.
_95973294
245 1 0 _aYou me everything
_h[large print] /
_cCatherine Isaac.
250 _aLarge print edition.
263 _a1805
264 1 _aWaterville, Maine :
_bThorndike Press Large Print,
_c2018.
264 4 _c©2018
300 _a515 pages (large print) ;
_c23 cm.
336 _atext
337 _aunmediated
338 _avolume
490 0 _aThorndike Press large print basic
520 _a"Set in the French countryside on an idyllic summer vacation, a delicious, tender novel about finding every bit of joy in life no matter what's thrown at us Sick of his lies, cheating ways, and complete lack of interest in fatherhood, Jessica left her boyfriend, Adam, only months after she gave birth to their son--and never looked back. Adam moved to France to follow his dream, unencumbered by a serious relationship and the child he never wanted. Ten years later, Susan, Jess's mother, lies in a nursing home, battling a debilitating disease. Susan forces Jess to recognize what she's always refused to acknowledge: that William needs his father in his life. So, Jess and ten-year-old William set off to spend the summer at Chau de Roussignol, deep in the rich, sunlit hills of the Dordogne, where Adam runs a beautiful hotel. There, Jess has a mission: to make Adam fall in love with his own son. By turns heartbreaking and hopeful, You Me Everything is a novel about one woman's fierce determination to grab hold of the family she has, and a romantic story about finding love even under the most unexpected circumstances"-- Provided by publisher.
650 0 _aSingle mothers
_vFiction.
_95673806
650 0 _aMan-woman relationships
_vFiction.
_95674079
650 0 _aLarge type books.
_95973296
650 7 _aLarge type books.
_2fast
_95973296
650 4 _aSingle mothers
_vFiction.
_95673806
650 4 _aMan-woman relationships
_vFiction.
_95674079
650 4 _aLarge type books.
_95973296
650 7 _aFICTION / Contemporary Women.
_2bisacsh
_95676127
650 7 _aFICTION / Family Life.
_2bisacsh
_95679128
650 7 _aFICTION / Romance / Contemporary.
_2bisacsh
_95679126
651 0 _aFrance
_vFiction.
_95679138
651 4 _aFrance
_vFiction.
_95679138
655 7 _aRomance fiction.
_2lcgft
_95683255
942 _cBOOK
_2ddc
948 _a06/20/2018
_zSirsi
999 _c310322
_d310322